000 00522nam a2200205Ia 4500
003 OSt
005 20220926044644.0
006 a|||||r|||| 00| 0
007 ta
008 220923b |||||||| |||| 00| 0 eng d
037 _cGeneral Book
040 _aRTL
_cRTL
_beng
041 _2eng
_aeng
082 _aT48k73,N62, K2
245 0 _aLanguage And Area Study Programs In America Univer
260 _c1962
300 _a143p
_ccm.
942 _hT48k73,N62, K2
_cGB
_2CC
999 _c675457
_d675457